Water Supply and Pollution Control (Record no. 6511)

MARC details
000 -LEADER
fixed length control field 00301nam a2200121Ia 4500
008 - FIXED-LENGTH DATA ELEMENTS--GENERAL INFORMATION
fixed length control field 191201s2015 xx 000 0 und d
100 ## - MAIN ENTRY--PERSONAL NAME
Personal name VIESSMAN, Warren
245 #0 - TITLE STATEMENT
Title Water Supply and Pollution Control
260 ## - PUBLICATION, DISTRIBUTION, ETC. (IMPRINT)
Place of publication, distribution, etc N. Delhi
Name of publisher, distributor, etc Pearson
Date of publication, distribution, etc 2015
300 ## - PHYSICAL DESCRIPTION
Extent 741
650 ## - SUBJECT ADDED ENTRY--TOPICAL TERM
Topical term or geographic name as entry element B.Tech(CE)
942 ## - ADDED ENTRY ELEMENTS (KOHA)
Source of classification or shelving scheme Dewey Decimal Classification
Koha item type Text Books
Holdings
Withdrawn status Lost status Source of classification or shelving scheme Damaged status Not for loan Collection code Home library Current library Date acquired Source of acquisition Cost, normal purchase price Bill Number Total Checkouts Full call number Acc. no. / Barcode Date last seen Actual Cost, discounted price Bill Date Koha item type
    Dewey Decimal Classification     B.Tech(CE) PIET C-LIBRARY PIET C-LIBRARY 03/01/2016 KIRTI PRAKASHAN, NEW DELHI 699.00 IN3717   628.168 VIW 28203 04/12/2019 475.32 22/02/2016 Text Books
    Dewey Decimal Classification     B.Tech(CE) PIET C-LIBRARY PIET C-LIBRARY 03/01/2016 KIRTI PRAKASHAN, NEW DELHI 699.00 IN3717   628.168 VIW 28204 04/12/2019 475.32 22/02/2016 Text Books
    Dewey Decimal Classification     B.Tech(CE) PIET C-LIBRARY PIET C-LIBRARY 03/01/2016 KIRTI PRAKASHAN, NEW DELHI 699.00 IN3717   628.168 VIW 28205 04/12/2019 475.32 22/02/2016 Text Books
    Dewey Decimal Classification     B.Tech(CE) PIET C-LIBRARY PIET C-LIBRARY 03/01/2016 KIRTI PRAKASHAN, NEW DELHI 699.00 IN3717   628.168 VIW 28206 04/12/2019 475.32 22/02/2016 Text Books
    Dewey Decimal Classification     B.Tech(CE) PIET C-LIBRARY PIET C-LIBRARY 03/01/2016 KIRTI PRAKASHAN, NEW DELHI 699.00 IN3717   628.168 VIW 28207 04/12/2019 475.32 22/02/2016 Text Books

Design & Developed by: PIET Central Library
R70 Miles Stone Pattikalyana Samalkha Panipat 132102
mail ID :- [email protected], Phone No:- 0180-2569700 Ex.216